000 00708nam a2200217 a 4500
001 13154
003 BD-JhCC
005 20230715092454.0
008 230715s2021 bg |||| |||| 000 0 ben d
020 _a9789849570325
035 _a(BD-JhCC)13154
040 _aBD-JhCC
_dBD-JhCC
041 _aben
082 _a297.63
_bALK 2021
100 _aআল-করনী, ড. আয়েয
245 _aগুনাহের অন্ধকারে নিমজ্জিত যারা /
_cড. আয়েয আল-করনী
260 _aঢাকা :
_bআলোকধারা,
_c২০২১
300 _a৩৫১ পৃ. :
_c২১ সেমি.
650 _aDawah
_vIslam
942 _2ddc
_cBK
999 _c13154
_d13154